El legado del islam

Αποθηκεύτηκε σε:
Λεπτομέρειες βιβλιογραφικής εγγραφής
Κύριοι συγγραφείς: Arnold, Thomas (Συγγραφέας), Guillaume, Alfred (Συγγραφέας)
Μορφή: Βιβλίο
Γλώσσα:Ισπανικά
Έκδοση: Madrid Pegaso 1947
Θέματα:
Ετικέτες: Προσθήκη ετικέτας
Δεν υπάρχουν, Καταχωρήστε ετικέτα πρώτοι!

MARC

LEADER 00000nam a2200000 a 4500
001 UCP5284
003 CL-VaPUC
008 990903e19470000SP |||||||||||||||||spa|d
082 0 4 |a 297  |b ARN  |2 21 
100 0 |a Arnold, Thomas  |e author  |9 433593 
700 0 |a Guillaume, Alfred  |e author  |9 433594 
245 1 3 |a El legado del islam 
300 |a 519 p 
942 |c BK 
945 |d 19990903 00:00:00  |a crobeson 
260 |a Madrid  |b Pegaso  |c 1947 
650 0 |a Islamismo  |9 314084 
650 0 |a Civilización islámica  |9 314083 
650 0 |a Arte islámico (musulmán)  |9 314239 
650 0 |a Arquitectura islámica   |9 266680 
650 0 |a Astronomía  |9 260985 
650 0 |a Matemática  |9 260235 
650 0 |a Literatura islámica   |9 433595 
583 |a last modification  |c 20160602 17:23:30  |k Rodrigo Vera 
999 |c 283052  |d 283050 
952 |0 0  |1 0  |4 0  |6 297_000000000000000_ARN_1947  |7 0  |8 X  |9 325801  |a BIBHIS  |b BIBHIS  |d 2019-11-20  |i 1357085  |o 297 ARN 1947  |p 1357085  |r 2024-01-30  |w 2019-11-20  |y BK_X  |k HIS